Sistemas operativos: conceptos y diseño

Saved in:
Bibliografiske detaljer
Hovedforfatter: Milenkovic, Milan (autor)
Format: Bog
Sprog:spansk
Udgivet: Madrid McGraw-Hill Interamericana 1988
Fag:
Tags: Tilføj Tag
Ingen Tags, Vær først til at tagge denne postø!

MARC

LEADER 00000nam a2200000 a 4500
001 UCV5626
003 CL-VaPUC
008 921109e19880000SP |||||||||||||||||spa|d
082 0 4 |a 005.43  |b MIL  |2 21 
100 |a Milenkovic, Milan  |e autor  |9 346043 
245 1 0 |a Sistemas operativos: conceptos y diseño 
300 |a 618 p 
942 |c BK 
945 |d 19921109 00:00:00 
260 |a Madrid  |b McGraw-Hill Interamericana  |c 1988 
650 0 |a Sistemas operativos   |9 260288 
650 0 |a Computadores  |9 258188 
583 |a last modification  |c 19921109 00:00:00  |k Rodrigo Vera 
999 |c 212065  |d 212063